|
|
|
|
| LEADER |
00000nab a2200000 a 4500 |
| 001 |
vtls000487617 |
| 003 |
SK-MaSNL |
| 005 |
20260303182141.0 |
| 008 |
230120c1991 xo 0 slo |
| 015 |
|
|
|a SNBRA19rr/mm-uuuuu
|
| 035 |
|
|
|a CL0487754
|
| 035 |
|
|
|a urn:nbn:sk:snk-abbzo
|
| 035 |
|
|
|a (urnnbn)urn:nbn:sk:snk:ar-a04dv4
|
| 035 |
|
|
|a (uuid)6e580cb8-d784-4ed1-9458-9b58275e9ab5
|
| 040 |
|
|
|a SNKBUCL
|b slo
|c SNKBUCL
|e AACR2
|
| 041 |
0 |
|
|a slo
|
| 044 |
|
|
|a xo
|c SK
|
| 080 |
|
|
|a 904"08/15":738:902
|2 1981
|
| 080 |
|
|
|a 738
|2 1981
|
| 080 |
|
|
|a 902
|2 1981
|
| 100 |
1 |
|
|a Hromada, Jozef,
|d 1959-2000
|4 aut
|9 39652
|
| 245 |
1 |
0 |
|a Prieskum v severozápadnej časti Záhoria
|c Jozef Hromada, Vladimír Varsik
|
| 300 |
|
|
|b Res. nem.
|
| 650 |
0 |
7 |
|a keramika
|2 snkbucl
|9 3061
|
| 650 |
0 |
7 |
|a archeologické nálezy
|2 snkbucl
|9 4975
|
| 651 |
|
7 |
|a Záhorie (Slovensko : región)
|2 snkbucl
|9 177455
|
| 655 |
|
7 |
|a články zo zborníkov
|2 snkbucl
|9 166140
|
| 700 |
1 |
|
|a Varsik, Vladimír,
|d 1964-
|4 aut
|9 191066
|
| 773 |
0 |
|
|t Archeologické výskumy a nálezy na Slovensku v roku 1989
|d Nitra : AÚ SAV v Nitre, 1991
|g S. 39-40
|
| 850 |
|
|
|a Slovenská národná knižnica v Martine
|a MTA001
|
| 852 |
|
|
|a SNK
|b KIS3GCP
|
| 954 |
|
|
|a odborná, vedecká literatúra pôvodná (slovenská)
|2 lita
|
| 958 |
|
|
|a RK
|
| 958 |
|
|
|a OND
|
| 958 |
|
|
|a EUIPO
|
| 958 |
|
|
|a article27
|
| 992 |
|
|
|a RZB
|
| 999 |
|
|
|c 2115930
|d 2117860
|